Combustion : (Record no. 2398)

MARC details
000 -LEADER
fixed length control field 00790cam a22002537i 4500
008 - FIXED-LENGTH DATA ELEMENTS--GENERAL INFORMATION
fixed length control field 140318s2013 gw a b 001 0 eng d
020 ## - INTERNATIONAL STANDARD BOOK NUMBER
ISBN 9783527333769 (hardcover)
020 ## - INTERNATIONAL STANDARD BOOK NUMBER
ISBN 3527333762 (hardcover)
020 ## - INTERNATIONAL STANDARD BOOK NUMBER
ISBN 9783527333516 (softcover)
020 ## - INTERNATIONAL STANDARD BOOK NUMBER
ISBN 3527333517 (softcover)
100 1# - MAIN ENTRY--AUTHOR
Author Lackner, Maximilian,
245 10 - TITLE STATEMENT
Title Combustion :
Remainder of title from basics to applications /
Statement of responsibility, etc Maximilian Lackner, Árpád B. Palotá, and Franz Winter.
250 ## - EDITION STATEMENT
Edition statement 2nd
260 ## - PUBLICATION, DISTRIBUTION, ETC. (IMPRINT)
Place of publication Germany
Name of publisher Wiley VCH
Date of publication 2013
300 ## - COLLATION
Pagination xvi, 269 pages :
Other physical details illustrations (some color) ;
650 #0 - TRACINGS
Main Subject Combustion.
650 #0 - TRACINGS
Main Subject Renewable energy sources.
650 #7 - TRACINGS
Main Subject Combustion.
700 1# - ADDITIONAL AUTHOR
Additional Author Palotá, Árpád B.,
700 1# - ADDITIONAL AUTHOR
Additional Author Winter, Franz,
942 ## - ADDED ENTRY ELEMENTS (KOHA)
Item type Books
050 00 - LIBRARY OF CONGRESS CALL NUMBER
Classification number TJ808
Item number .L33 2013
082 04 - DEWEY DECIMAL CLASSIFICATION NUMBER
Classification number 541.361
Holdings
Source of classification or shelving scheme Not for loan Permanent location Current location Date acquired Accession No. Full call number Barcode. Koha item type
Library of Congress Classification   Samuel Ogbemudia Main Library, University of Abuja Samuel Ogbemudia Main Library, University of Abuja 03/18/2025 2024/64110 TJ808.L33 2025-0664 Books